Náuka o tovare pre 1. ročník učňovských škôl : učebné odbory predavač textilného tovaru - 1504, predavač obuvi a koženej galantérie - 1505 /

Main Author: Kolář, Jan
Other Authors: Navrátil, Josef
Language: Slovak
Published: Bratislava : Slovenské pedagogické nakladateľstvo, 1960
Edition: 1. vyd.
Physical Description: 358 s. ; 8°
Book
Saved in:
LEADER 00872nam a22002292a 4500
001 001394859
003 CZ BrMZK
005 20140904140834.0
007 ta
008 140617s1960 xo er|||||||||||slo d
040 |a ABA001  |b cze  |c ABA001  |d ABA001  |d BOA001 
100 1 |a Kolář, Jan  |7 jk01061234  |4 aut 
245 1 0 |a Náuka o tovare pre 1. ročník učňovských škôl :  |b učebné odbory predavač textilného tovaru - 1504, predavač obuvi a koženej galantérie - 1505 /  |c Jan Kolář a Josef Navrátil 
250 |a 1. vyd. 
260 |a Bratislava :  |b Slovenské pedagogické nakladateľstvo,  |c 1960 
300 |a 358 s. ;  |c 8° 
504 |a Obsahuje bibliografii 
700 1 |a Navrátil, Josef  |7 jk01082763  |4 aut 
910 |a BOA001  |b 2-0440.613 
990 |a BK 
991 |b 201406 
996 7 |b 2619096782  |c 2-0440.613  |l MZK  |r Sklad / do 24 hodin  |n 0  |w 001430029  |u 000010  |a 1  |e BOA001  |j MZK50  |s A